| 000 -LEADER |
| fixed length control field |
00726cam a22002177a 4500 |
| 001 - CONTROL NUMBER |
| control field |
6930 |
| 003 - CONTROL NUMBER IDENTIFIER |
| control field |
BD-DhUAP |
| 005 - DATE AND TIME OF LATEST TRANSACTION |
| control field |
20210110095804.0 |
| 008 - FIXED-LENGTH DATA ELEMENTS--GENERAL INFORMATION |
| fixed length control field |
201231s2003 ii a 001 0 eng d |
| 020 ## - INTERNATIONAL STANDARD BOOK NUMBER |
| International Standard Book Number |
8173663548 |
| 040 ## - CATALOGING SOURCE |
| Original cataloging agency |
XMC |
| Transcribing agency |
XMC |
| Modifying agency |
OCLCQ |
| -- |
BAKER |
| -- |
BD-DhUAP |
| Language of cataloging |
eng |
| 082 00 - DEWEY DECIMAL CLASSIFICATION NUMBER |
| Classification number |
005.133 PRO |
| Edition number |
23 |
| 245 00 - TITLE STATEMENT |
| Title |
Professional PHP4 / |
| Statement of responsibility, etc. |
Luis Argerich ... [et al.]. |
| 260 ## - PUBLICATION, DISTRIBUTION, ETC. |
| Place of publication, distribution, etc. |
New Delhi : |
| Name of publisher, distributor, etc. |
SPD, |
| Date of publication, distribution, etc. |
c2002 [Reprinted 2003]. |
| 300 ## - PHYSICAL DESCRIPTION |
| Extent |
xv, 974 pages : |
| Other physical details |
illustrations ; |
| Dimensions |
23 cm. |
| 500 ## - GENERAL NOTE |
| General note |
Includes index. |
| 534 ## - ORIGINAL VERSION NOTE |
| Introductory phrase |
Reprint. Originally published: |
| Publication, distribution, etc. of original |
Birmingham [England] : Wrox Press, c2002. |
| Series statement of original |
(Programmer to programmer). |
| 650 #0 - SUBJECT ADDED ENTRY--TOPICAL TERM |
| Topical term or geographic name entry element |
PHP (Computer program language). |
| 650 #0 - SUBJECT ADDED ENTRY--TOPICAL TERM |
| Topical term or geographic name entry element |
Web sites |
| General subdivision |
Design. |
| 942 ## - ADDED ENTRY ELEMENTS (KOHA) |
| Source of classification or shelving scheme |
|
| Koha item type |
Book |